000 01260nam a2200229Ia 4500
003 Ost
005 20260507075647.0
008 260507s9999||||xx |||||||||||||| ||und||
020 _a×868720977
040 _cfsecg
041 _aara
082 _a659.2
100 _aالجمال، راسم محمد
_eمؤلف
245 0 _aإدارة العلاقات العامة :
_bالمدخل الإستراتيجي /
_c راسم محمد الجمال
260 _aالقاهرة:
_bالدار المصرية اللبنانية,
_c2005
300 _a379 صفحة؛
_bإيضاحات ؛
_c24 سم
520 _aالعلاقات العامة في السياق الإدارة- الأطر النظرية للعلاقات العامة- الرصد وبحوث العلاقات العامة- التخطيط الإستراتيجي للعلاقات العامة- الإدارة وإتخاذ القرارات الإستراتيجية- العلاقات العامة وإدارة الأزمات- الإتصال في العلاقات العامة- التقويم وقياس النتائج.
653 _aإدارة العلاقات العامة
653 _aالعلاقات العامة
700 _a عياد، خيرت معوض
_eمؤلف ثانوي
942 _cكتاب
999 _c45502
_d45502